Honeybee pathology (Record no. 37772)

MARC details
000 -LEADER
fixed length control field 00302nam a2200121Ia 4500
082 ## - DEWEY DECIMAL CLASSIFICATION NUMBER
Classification number 581.2:638.15
Item number BAI
100 ## - MAIN ENTRY--AUTHOR NAME
Personal name Bailey, Leslie
245 #0 - TITLE STATEMENT
Title Honeybee pathology
260 ## - PUBLICATION, DISTRIBUTION, ETC. (IMPRINT)
Place of publication London
Name of publisher Academic
Year of publication 1981
650 ## - SUBJECT ADDED ENTRY--TOPICAL TERM
Topical Term Honey bee pathology
942 ## - ADDED ENTRY ELEMENTS (KOHA)
Koha item type Books
Holdings
Withdrawn status Lost status Damaged status Not for loan Home library Current library Date acquired Full call number Accession Number Koha item type
        RRII Library RRII Library 16/12/2021 581.2:638.15 BAI 18152 Books